| 000 | 00404nam a2200181Ia 4500 | ||
|---|---|---|---|
| 003 | IT-RoPAU | ||
| 008 | 120407s9999 xx 000 0 und d | ||
| 040 | _aIT-RoPAU | ||
| 040 | _cIT-RoPAU | ||
| 100 | _aGiuseppe Fanciulli | ||
| 245 | _aLa letteratura per l'infanzia | ||
| 250 | _aTorino | ||
| 260 | _aSei | ||
| 300 | _c cm | ||
| 490 | _v1 | ||
| 700 | _aEnrichetta Monaci Guidotti | ||
| 942 | _cBK | ||
| 999 |
_c11567 _d11567 |
||